Dios vuleve en una Harley / (Registro nro. 10705)

Detalles MARC
000 -LIDER
fixed length control field 00708nam a22002537a 4500
001 - NÚMERO DE CONTROL
Identificador de número de control 000360
003 - IDENTIFICACDOR DE NÚMERO DE CONTROL
control field DO-SdBNP
005 - DATE AND TIME OF LATEST TRANSACTION
control field 20180124151558.0
007 - CAMPOS FIJOS DE DESCRIPCIÓN FÍSICA
fixed length control field 000360
008 - ELEMENTOS DE LONGITUD FIJA
fixed length control field 160706b 2007 mx xxu||||| |||| 00| 0 spa d
020 ## - ISBN
International Standard Book Number 9788496778702
040 ## - FUENTE DE CATALOGACIÓN
Agencia que crea de manera original el registro BPMSU
Idioma de catalogación spa
Agencia que realiza la transcripción BPMSU
092 ## - LOCALLY ASSIGNED DEWEY DECIMAL CALL NUMBER
Número de clasificación xxxxxx
Número de ítem (Cutter) xxxxxx
100 1# - ASIENTO PRINCIPAL -- NOMBRE PERSONAL
Nombre personal Brady, Joan
240 10 - TITULO UNIFORME
Título uniforme God on a Harley.
Idioma de una obra Español
245 10 - MENCIÓN DE TITULO
Título Dios vuleve en una Harley /
Mención de responsabilidad Joan Brady ; traducción, Rosa Arruti.
260 ## - PUBLICACIÓN, DISTRIBUCIÓN, ETC. (PIE DE IMPRENTA)
Lugar de publicación, distribución, etc México, D.F. :
Nombre del editor, distribuidor, etc. Zeta Bolsillo,
Fecha de publicación, distribución, etc 2007.
300 ## - DESCRIPCIÓN FÍSICA
Extensión 167 p. ;
Dimensiones 21 cm.
500 ## - NOTA GENERAL
Nota general "Edición limitada"
700 12 - ASIENTO SECUNDARIO -- NOMBRE PERSONAL
Nombre personal Arruti, Rosa
942 ## - ADDED ENTRY ELEMENTS (KOHA)
Source of classification or shelving scheme Dewey Decimal Classification
Koha item type Libros
945 ## - INFORMACIÓN DE PROCESAMIENTO LOCAL
Información de procesamiento local Inventariado, 2018 / YL
956 ## - LOCAL ELECTRONIC LOCATION AND ACCESS (OCLC)
Nombre de host LPEREZ
Número de acceso 10
Información de compresión BPMSU
Existencias
Withdrawn status Lost status Source of classification or shelving scheme Damaged status Not for loan Collection code Home library Current library Date acquired Source of acquisition Total Checkouts Barcode Date last seen Price effective from Koha item type
    Dewey Decimal Classification     Colección General Biblioteca Pública Metropolitana Salomé Ureña Biblioteca Pública Metropolitana Salomé Ureña 07/06/2016 Donación   BPMSU16070115 07/06/2016 07/06/2016 Libros
    Dewey Decimal Classification     Colección General Biblioteca Pública Metropolitana Salomé Ureña Biblioteca Pública Metropolitana Salomé Ureña 01/24/2018 sin sellar     01/24/2018 01/24/2018 Libros